Statistics for Seoul City Quiz

Click here to take the quiz!

General Stats

  • This quiz has been taken 39 times
  • The average score is 5 of 21

Answer Stats

HintAnswer% Correct
Seoul is the capital of which country?South Korea
100%
Name of river that cuts through the city.Han River
75%
Seoul is home to which largest indoor theme park in the world, namesake to the city's tallest building?Lotte World
66%
Luxury korean district, namesake to a kpop song _______ style.Gangnam
56%
Seoul was detroyed by North Korean soldiers in what forgotten war?Korean War
47%
What is the tallest building in Seoul, and the country?Lotte World Tower
44%
Ancient name of Seoul during the Goryeo era.Hanyang
25%
Famous palace where king Joseon once resided.Gyeongbokgung Palace
22%
Well known mountain in northern Seoul, with highest number of visitors per square foot.Bukhansan Mountain
16%
Name of largest bridge fountain in the world.Banpo Bridge
13%
Traditional Hanok village located in narrow alleys of the city.Buckhon Hanok Village
9%
Famous buddhist temple located on the Han river.Bongeunsa Temple
6%
World largest buddhist university.Dongguk University
6%
Ancient name of Seoul duringthr Baekje era.Wiryeseong
6%
Well known tower located on Namsan mountain.North Seoul Tower
3%
Seoul is home to which largest underground mall in Asia?Starfield
3%
Seoul' island known as the Korean wall street where most bank headquarters are located.Yeoui Island
3%
Seoul holds many of these types of cafes, with cute and cozy decorations of this animal.Cat Cafes
0%
Seoul is known as the city of what traditional outfit dating back to the Joseon dynasty?City of Hanbok
0%
Seoul is known as the ______ capital. A korean style of cabbage fermented with a spicy sauce. It will always be in a korean Banchan.Kimchi capital
0%
Famous street market, and largest in South Korea.Namdaemun Market
0%

Score Distribution

Percentile by Number Answered

Percent of People with Each Score

Your Score History

You have not taken this quiz